Groundwater-leachate : modeling, monitoring, sampling
Saved in:
| Main Author: | |
|---|---|
| Other Authors: | , |
| Format: | Book |
| Language: | English |
| Published: |
Lancaster :
Technomic,
1984
|
| Subjects: | |
| Tags: |
Add Tag
No Tags, Be the first to tag this record!
|
MARC
| LEADER | 00000nam a2200000 i 4500 | ||
|---|---|---|---|
| 001 | 1/77251 | ||
| 008 | 950310s1984 eng d | ||
| 020 | |a 087762-376-7 | ||
| 035 | |l 10004225 | ||
| 040 | |a GR-MY-UA |b gre |e aacr | ||
| 041 | 0 | |a eng | |
| 082 | 0 | |a 628.164 | |
| 100 | 1 | |a Cheremisinoff, Paul N. | |
| 245 | 1 | 0 | |a Groundwater-leachate : |b modeling, monitoring, sampling / |c Paul N. Cheremisinoff; Kenneth A. Gigliello; Thomas K. O'Neill |
| 260 | |a Lancaster : |b Technomic, |c 1984 | ||
| 300 | |a 146 p. | ||
| 504 | |a Includes bibliographical references and index | ||
| 650 | 0 | 0 | |a Leachate. |
| 650 | 0 | 0 | |a Groundwater. |
| 700 | 1 | |a Gigliello, Kenneth A. | |
| 700 | 1 | |a O'Neill, Thomas K. | |
| 852 | |a INST |b LESVOS |e 19950310 |h 628.164 CHE |p 005100002527 |q 005100002527 |t BK |y 0 | ||
| 909 | |a Λ |b 005253 | ||